000 00293nam a22001337a 4500
008 181121b xxu||||| |||| 00| 0 eng d
020 _a0195017994
041 _aeng
080 _a159.9
100 _a49
101 _aPSI
245 _aPsychiatric Diagnosis
_cWoodruff, R.A
942 _2udc
_cBK
999 _c52291
_d52291